000 00427nam a2200181 a 4500
001 1762577243366
003 ACL
005 20251108101900.0
008 251108s2009##################000#0#eng##
020 _a9780300158519
082 0 4 _a658.4012
_bOLS
100 1 _aOlson, Matthew S.,
_eauthor.
245 1 0 _aStall Points :
260 _c2009.
650 0 _aBusiness planning.
942 _cENGLISH
040 _aACL
_beng
_cACL
999 _c596526
_d596526